The "Longest" World Geography Quiz #1 - Statistics

General Stats
  • This quiz has been taken 88 times
  • The average score is 4 of 10
Answer Stats
Hint Length (miles) Answer % Correct
The longest river in the world (surface area) 4,132 Nile River
100%
The longest country in the world 3,100 Chile
82%
The longest coastline in the world (name the country) 151,019 Canada
73%
The longest international border (name one of the countries) in the world 5,500 USA/Canada
68%
The longest mountain range in the word (land) 4,300 Andes
64%
The longest strait in the world 500 Strait of Malacca
9%
The longest street in the world 35 Yonge Street
7%
The longest canal in the world 1,100 Grand Canal
4%
The longest mountain range in the world (oceanic) 40,389 Mid-Ocean Ridge
3%
The longest trench in the world 3700 Peru-Chile Trench
3%
No matching quizzes found
Score Distribution
Percent of People with Each Score
Percentile by Number Answered
Your Score History
You have not taken this quiz